Top 10 des pays producteur d'argent - 2015 - Statistiques

Statistiques générales
  • Ce quiz a été pris 53 fois
  • Le résultat moyen est 7 sur 10
Statistiques - réponses
Production en tonne - 2015 Pays % Correct
3100 Chine
91%
1430 Russie
91%
500 Canada
80%
1090 Etats Unis
78%
1430 Australie
76%
5370 Mexique
69%
3850 Perou
56%
1370 Chili
51%
1190 Bolivie
40%
1180 Pologne
22%
Aucun quiz correspondant
Distribution des résultats
% des personnes avec chaque résultat
Percentile par nombre de réponses
Votre historique - résultats
Vous n’avez pas pris ce quiz